01382aam a2200517 450000500170000000800410001702000150005804100080007308200140008110000250009524500280012026000130014826000290016126000090019030000180019949000230021765000190024065000180025965000280027765000250030565000150033065000270034565000180037265000230039065000180041365000150043165000160044665000200046265000270048265000170050965000140052665000250054065000200056565000150058565000140060065000150061465000280062965000250065765000290068265000240071165000220073565000290075794200120078699900130079895200530081120251107180857.0150721b1993 xxu||||| |||| 00| 0 spa d a8430309608 aESP a510 P857m aPostigo, Luis915715 aMatemática práctica aEspaña bEditorial Ramón Sopena c1993 a885 páginas aTemática General aMATEMÁTICAS  aARITMÉTICA  aNÚMEROS FRACCIONARIOS aFRACCIONES DECIMALES aFRACCIONES aRAZONES Y PROPORCIONES aREGLA DE TRES aREGLA DE INTERÉS aPLANIMETRÍA aÁNGULOS  aPOLÍGONOS aLÍNEAS CURVAS aNOCIONES FUNDAMENTALES aGEOMETRÍA  aÁLGEBRA aFIGURAS POLÉDRICAS aTRIGONOMETRÍA aECUACIONES aFUNCIONES aLOGARITMOS aGEOMETRÍA ANALÍTICA aMATEMÁTICA MODERNA aNOCIONES SOBRE CONJUNTOS aNÚMEROS NATURALES aNÚMEROS ENTEROS aSISTEMAS DE NUMERACIÓN cBK2ddc c233d233 o510 P857mp1628xBD x DAE x EL x GC x TUyBK